| 000 | 00609cam a2200217 a 4500 | ||
|---|---|---|---|
| 001 | 1476439 | ||
| 005 | 20180302080427.0 | ||
| 008 | 870211s1987 mau 000 0 eng | ||
| 010 | _a 87004024 | ||
| 020 |
_a0395442680 (pbk.) : _c$7.95 |
||
| 020 |
_a0395442559 (hard) : _c$16.95 |
||
| 040 |
_aDLC _cDLC _dDLC |
||
| 041 | _aeng | ||
| 080 | _a808.31 HIL | ||
| 082 | 0 | 0 |
_a808.31 HIL _219 |
| 100 | 1 | _a25 | |
| 101 | _aEDU | ||
| 245 | 1 | 0 |
_aWriting in general and the short story in particular : _cRust Hills. |
| 906 |
_a7 _bcbc _corignew _d1 _eocip _f19 _gy-gencatlg |
||
| 942 |
_2ddc _cBK |
||
| 999 |
_c44054 _d44054 |
||